• 首页
  • 本馆介绍
  • 公告通知
  • 最新文献
  • 馆藏检索
  • 电子资源
  • 读者导购
  • 参考咨询
  • 我的图书馆
  • 登录
  • 详细信息显示
  • 放入我的书架
  • 预约/预借图书
  • 作者相关作品
  • 分类相关作品
  • 丛书相关作品
  • 出版社相关作品

书目信息

  • 表格格式
  • 工作单格式
  • 卡片格式
题名:
克拉斯--562B257、258型汽车使用手册
    
 
作者: ;鞍钢矿山研究所掘沟科研组 译
分册:  
出版信息: 北京   人民交通出版社  1975
页数: 130页
开本: 19cm
丛书名:
单 册:
中图分类: U469.2-62
科图分类:
主题词: 载重汽车-驾驶术--手册 , 驾驶术-载重汽车--手册
电子资源:
ISBN:
000 00831nam0 2200241 45
001 0175002417
005 20061127082312.68
010    @dCNY0.36
100    @a19951021d1975 em y0chiy0121 ea
101 1  @achi
102    @aCN@b110000
105    @ay z 000yy
200 10 @a克拉斯--562B257、258型汽车使用手册@Ake la si --562B257 、 258 xing qi che shi yong shou ce@f鞍钢矿山研究所掘沟科研组译
210    @a北京@c人民交通出版社@d1975
215    @a130页@d19cm
517 1  @a克拉斯562B257258型汽车使用手册@Ake la si 562B257258 xing qi che shi yong shou ce
606    @a载重汽车-驾驶术@x手册
606    @a驾驶术-载重汽车@x手册
690    @aU469.2-62@v3
711 02 @a鞍钢矿山研究所掘沟科研组@Aan gang kuang shan yan jiu suo jue gou ke yan zu@4译
801  2 @aCN@bNLC@c20061127
801  0 @aCN@bTSSF
905    @a10447@dU469.2-62@e2
    
    克拉斯--562B257、258型汽车使用手册/鞍钢矿山研究所掘沟科研组译.-北京:人民交通出版社,1975
    130页;19cm
    
    
    ISBN :CNY0.36
    
●
相关链接 在E读中查询图书 在五车中查询图书 在当当中查询图书 在豆瓣中查询图书


正题名:克拉斯--562B257、258型汽车使用手册     索取号:U469.2-62/2         预约/预借

序号 登录号 条形码 馆藏地/架位号 状态 备注
1 0017431   001483362   第二样本阅览室/ [索取号:U469.2-62/2] 在馆    
唐山师范学院图书馆 欢迎您!
大连网信软件有限公司© 版权所有